01337ny a22002893n 450000500170000000800410001702000180005803500090007604000160008509000150010110000290011624501450014525600240029026000420031450602800035665000440063665000360068065000390071665000290075565000260078470000360081074000390084685600400088594200080092595200950093399900190102820240305165325.0100909s2010 mx 000 0 esp d a9786074401356 a5006 aBUS dvLex c1071d10711 aPérez Chávez, José10aActividades empresarialesh[Recurso electrónico]bpersonas físicas : regimen intermedio /cJosé Pérez Chavez, Raymundo Fol Olguín  aServicio en línea aMéxico D.F. :bTax Editores,c2010 1 aContenido solo disponible en los productos indicadosdvLex GlobaldvLex Global (Academic Edition, excluding Law Schools)dvLex Global (U.S. Academic Edition, Law Schools)dvLex Global (U.S. Academic Edition, excluding Law Schools)dvLex Global (Academic Edition, Law Schools)07aImpuesto sobre la renta 2Tesauro vLex07aEmpresa mercantil2Tesauro vLex07aEmpresa y empresario2Tesauro vLex07aEmpresario2Tesauro vLex07aLaboral2Tesauro vLex1 aFol Olguín, Raymundo,ecoaut.0 avLex Libros (Servicios en línea)40uhttps://app.vlex.com/#/sources/5006 cRAA 001040708VLEX9317755aBD-UINbBD-UINd2024-03-05l0p5006r2024-03-05w2024-03-05yRAA c159572d159572